V. S. Naipaul Bibliography - Statistics

General Stats
  • This quiz has been taken 2 times
  • The average score is 4 of 42
Answer Stats
Type Year Name % Correct
Novel 1961 A House for Mr. Biswas
100%
Novel 1979 A Bend in the River
50%
Travelogue 1981 Among the Believers
50%
Novel 1975 Guerillas
50%
Novel 2001 Half a Life
50%
Novel 1971 In a Free State
50%
Novel 1967 The Mimic Men
50%
Short Story 1967 A Christmas Story
0%
Travelogue 1980 A Congo Diary
0%
Short Story Collection 1967 A Flag on the Island
0%
Short Story 1967 A Flag on the Island
0%
Travelogue 1964 An Area of Darkness
0%
Travelogue 1989 A Turn in the South
0%
Novel 1994 A Way in the World
0%
Non-Fiction Book 2007 A Writer's People: Ways of Looking and Feeling
0%
Letter Collection 1999 Between Father and Son: Family Letters
0%
Travelogue 1998 Beyond Belief: Islamic Excursions Among the Converted Peoples
0%
Short Story 1967 Greenie and Yellow
0%
Essay 2020 Grief: A Writer Reckons with Loss
0%
Travelogue 1990 India: A Million Mutinies Now
0%
Travelogue 1977 India: A Wounded Civilization
0%
Novel 2004 Magic Seeds
0%
Short Story Collection 1959 Miguel Street
0%
Novella 1963 Mr. Stone and the Knights Companion
0%
Short Story 1967 My Aunt Gold Teeth
0%
Short Story 1967 The Baker's Story
0%
Short Story 1967 The Enemy
0%
Novel 1987 The Enigma of Arrival: A Novel in Five Sections
0%
Short Story 1967 The Heart
0%
Non-Fiction Book 1969 The Loss of El Dorado
0%
Travelogue 2010 The Masque of Africa: Glimpses of African Belief
0%
Travelogue 1962 The Middle Passage: Impressions of Five Societies - British, French and Dutch in the West Indies and South America
0%
Short Story 1967 The Mourners
0%
Novel 1957 The Mystic Masseur
0%
Short Story 1967 The Night Watchman's Occurence Book
0%
Omnibus 2002 The Nightwatchman's Occurence Book: And Other Comic Inventions
0%
Essay Collection 1972 The Overcrowded Barracoon and Other Articles
0%
Short Story 1967 The Perfect Tenants
0%
Short Story 1967 The Raffle
0%
Non-Fiction Book 1980 The Return of Eva Perón and the Killings in Trinidad
0%
Novel 1958 The Suffrage of Elvira
0%
Essay Collection 2002 The Writer and the World: Essays
0%
No matching quizzes found
Score Distribution
Percent of People with Each Score
Percentile by Number Answered
Your Score History
You have not taken this quiz